01582cam a2200289 a 45000010009000000050017000090080041000260200018000670400033000850820020001181000027001382450089001652460073002542600050003273000041003775000022004185040040004405050246004806500036007266530034007626550024007969420020008209990017008409520153008579520141010109520141011511679771020150328153800.0110523s2012 enka b 001 0 eng  a9780273722953 aDNLM/DLCcDLCdDLCdEG-ScBUE00a610.73222bPOO1 aPooler, Alison.93638713aAn introduction to evidence-based practice in nursing & healthcare /cAlison Pooler.3 aAn introduction to evidence-based practice in nursing and healthcare aHarlow :bPearson Education Limited,cc.2012. aiv, 92 p. :bforms, tables ;c22 cm. aIndex : p. 90-92. aIncludes bibliographical reference.0 aWhat is research ?-What is evidence and evidence-based practice ?-Why do we need evidence base in our clinical practice ?-Clinical guidelines and the need for clinical audit-Change management in the implementation of evidence-based practice. 0aEvidence-based medicine.928916 bNNURcNovember2014cMarch2015 vreading book934232 2ddck610.73 POO c18526d18498 00102ddc40708BaccahaMAINbMAINc1STd2014-11-02epurchaseg229.00h20526l1o610.73 POOp000036894r2025-07-15 00:00:00s2015-03-18v286.25yBB 00102ddc40708BaccahaMAINbMAINc1STd2015-03-28epurchaseg229.00h22358l0o610.73 POOp000037835r2025-07-15 00:00:00v286.25yBB 00102ddc40708BaccahaMAINbMAINc1STd2015-03-28epurchaseg229.00h22358l0o610.73 POOp000037836r2025-07-15 00:00:00v286.25yBB